| 000 | 00356nam a2200145Ia 4500 | ||
|---|---|---|---|
| 008 | 260624s2022 xx 000 0 und d | ||
| 020 | _a9781264827237 | ||
| 041 | _aeng | ||
| 082 | _a614.1 | ||
| 100 | _aKent R Olson | ||
| 245 | _aPoisoning and Drug Overdose | ||
| 250 | _a8th ed | ||
| 260 |
_bHillMcgraw hill2022 _c2022 |
||
| 650 | _aForensic Medicine | ||
| 999 |
_c1223053 _d1223053 |
||